Manual práctico de sucesiones (Registro nro. 383)
[ vista simple ]
| 000 -LEADER | |
|---|---|
| fixed length control field | 01602 a2200205 4500 |
| 001 - CONTROL NUMBER | |
| control field | 3874 |
| 005 - DATE AND TIME OF LATEST TRANSACTION | |
| control field | 20260407155431.0 |
| 008 - FIXED-LENGTH DATA ELEMENTS--GENERAL INFORMATION | |
| fixed length control field | 260407a1972 arg spa d |
| 003 - CONTROL NUMBER IDENTIFIER | |
| control field | AR-UNSa-BCEJYS |
| 040 ## - CATALOGING SOURCE | |
| Original cataloging agency | AR-UNSa-BCEJYS |
| Language of cataloging | spa |
| Transcribing agency | AR-UNSa-BCEJYS |
| 080 ## - UNIVERSAL DECIMAL CLASSIFICATION NUMBER | |
| Universal Decimal Classification number | 347.65 |
| Common auxiliary subdivision | Derecho de sucesiones. Derecho hereditario |
| 041 ## - LANGUAGE CODE | |
| Language code of text/sound track or separate title | spa |
| 100 1# - MAIN ENTRY--PERSONAL NAME | |
| Personal name | Jöld, Carlos |
| 245 10 - TITLE STATEMENT | |
| Title | Manual práctico de sucesiones |
| 264 #1 - PRODUCTION, PUBLICATION, DISTRIBUTION, MANUFACTURE, AND COPYRIGHT NOTICE | |
| Place of production, publication, distribution, manufacture | Buenos Aires : |
| Name of producer, publisher, distributor, manufacturer | Abeledo Perrot |
| Date of production, publication, distribution, manufacture, or copyright notice | 1972 |
| 300 ## - PHYSICAL DESCRIPTION | |
| Extent | 2 v. |
| Dimensions | 23 cm. |
| 505 ## - FORMATTED CONTENTS NOTE | |
| Formatted contents note | Vol. I: 1. El trámite procesal - 2. Medidas conservatorias de la sucesión - 3. Inventario y avalúo de la sucesión - 4. Fuero de atracción - 5. Herederos - 6. Derecho de representación - 7. Incapacidad para suceder - 8. Aceptación de la herencia - 9. Renuncia a la herencia - 10. Separación de patrimonios - 11. Cesión de derechos hereditarios - 12. Concurso de la sucesión - 13. Declaratoria de herederos - 14. La partición o división de la herencia - 15. Liquidación del impuesto a la herencia -- Vol. II: 16. Apertura del sucesorio - 17. Colación - 18. Administradores y peritos - 19. Venta de bienes y sus incidencias - 20. Clasificación de trabajos y estimación de honorarios - 21. El trámite sucesorio en la Provincia de Buenos Aires - 22. Variación de escritos en juicios sucesorios - 23. Generalidades - 24. Normas nacionales referentes al sucesorio - 25. Disposiciones sucesorias en la Provincia de Buenos Aires - 26. Bibliografía - 27. Plenarios de la Cámara Nacional en lo Civil de la capital en materia sucesoria |
| 590 ## - LOCAL NOTE (RLIN) | |
| Local note | niveau_biblio:m niveau_hierar:0 |
| 942 ## - ADDED ENTRY ELEMENTS (KOHA) | |
| Koha item type | |
| Withdrawn status | Lost status | Damaged status | Not for loan | Home library | Current library | Shelving location | Date acquired | Total checkouts | Full call number | Barcode | Date last seen | Price effective from | Koha item type |
|---|---|---|---|---|---|---|---|---|---|---|---|---|---|
| Biblioteca Prof. Eusebio Cleto del Rey | Biblioteca Prof. Eusebio Cleto del Rey | 07/04/2026 | 347.65 J75 v.1 | L87196 | 07/04/2026 | 07/04/2026 | Libro | ||||||
| Biblioteca Prof. Eusebio Cleto del Rey | Biblioteca Prof. Eusebio Cleto del Rey | 07/04/2026 | 347.65 J75 v.2 | L87197 | 07/04/2026 | 07/04/2026 | Libro |